La fascinación
Đã lưu trong:
| Tác giả chính: | |
|---|---|
| Định dạng: | Sách |
| Ngôn ngữ: | Tiếng Tây Ban Nha |
| Được phát hành: |
Santiago
Zig-Zag
1900
|
| Loạt: | Biblioteca de Novelistas
|
| Những chủ đề: | |
| Các nhãn: |
Thêm thẻ
Không có thẻ, Là người đầu tiên thẻ bản ghi này!
|
MARC
| LEADER | 00000nam a2200000 a 4500 | ||
|---|---|---|---|
| 001 | UCQ6260 | ||
| 003 | CL-VaPUC | ||
| 008 | 981009e19000000CL |||||||||||||||||spa|d | ||
| 082 | 0 | 4 | |a Ch863 |b BLE |2 21 |
| 100 | |a Blest Gana, Alberto |e author |9 344235 | ||
| 245 | 1 | 3 | |a La fascinación |
| 246 | 1 | 4 | |a Una escena social |
| 246 | 1 | 3 | |a La aritmética en el amor |
| 300 | |a 233 p | ||
| 942 | |c BK | ||
| 945 | |d 19981009 00:00:00 |a crobeson | ||
| 260 | |a Santiago |b Zig-Zag |c 1900 | ||
| 650 | 0 | |a Novelas chilenas |9 265425 | |
| 650 | 0 | |a Literatura chilena |9 308278 | |
| 583 | |a last modification |c 19981009 00:00:00 |k Rodrigo Vera | ||
| 490 | 0 | |a Biblioteca de Novelistas | |
| 999 | |c 276261 |d 276259 | ||
| 952 | |0 0 |1 0 |4 0 |6 CH_863_000000000000000_BLE_1900 |7 0 |8 A |9 313423 |a BIBEDU |b BIBEDU |d 2019-11-20 |i 147748K |o Ch863 BLE 1900 |p 147748K |r 2019-11-20 |w 2019-11-20 |y BK |k LIT | ||